Discurso leido en la Academia Médico-Quirúrgica Española / (Record no. 166817)

MARC details
000 -LEADER
campo de control de longitud fija 00770nam a22001815i 4500
001 - NÚMERO DE CONTROL
campo de control 166817
003 - IDENTIFICADOR DE NÚMERO DE CONTROL
campo de control ES-MaACL
005 - FECHA Y HORA DE LA ÚLTIMA TRANSACCIÓN
campo de control 20230906213416.0
008 - DATOS DE LONGITUD FIJA--INFORMACIÓN GENERAL
campo de control de longitud fija 030116s1877 sp |||| | spa d
040 ## - FUENTE DE CATALOGACIÓN
Centro catalogador/agencia de origen CCPB | B
Lengua de catalogación spa
Centro/agencia transcriptor CCPB | B
100 1# - ENTRADA PRINCIPAL--NOMBRE DE PERSONA
Nombre de persona Ustáriz y Escribano, José.
9 (RLIN) 112318
245 10 - MENCIÓN DEL TÍTULO
Título Discurso leido en la Academia Médico-Quirúrgica Española /
Mención de responsabilidad, etc. por el secretario general Jose Ustariz y Escribano.
260 ## - PUBLICACIÓN, DISTRIBUCIÓN, ETC.
Lugar de publicación, distribución, etc. Madrid :
Nombre del editor, distribuidor, etc. [s.n.],
Fecha de publicación, distribución, etc. 1877 (
Fabricante imprenta de Enrique Teodoro)
300 ## - DESCRIPCIÓN FÍSICA
Extensión 18 p. ;
Dimensiones 22 cm.
710 0# - ENTRADA AGREGADA--NOMBRE DE ENTIDAD CORPORATIVA
Nombre de entidad corporativa o nombre de jurisdicción como elemento de entrada Academia Médico-Quirúrgica Española.
9 (RLIN) 1209
852 ## - LOCALIZACIÓN
Ubicación ES-MaACL
Número de control de estantería T-317-F-2
Nota libre -- Enc. hol.
-- -- Enc. en un vol. facticio
852 ## - LOCALIZACIÓN
Ubicación ES-MaACL
Número de control de estantería T-377-F-18
Nota libre -- Enc. hol.
-- -- Enc. en un vol. facticio
-- .- Firma ms. de G. Saenz Diez
Holdings
Estatus retirado Estado de pérdida Estado de daño No para préstamo Colección Biblioteca de origen Biblioteca actual Ubicación en estantería Fecha de adquisición Total de préstamos Signatura topográfica completa Código de barras Visto por última vez Precio de reemplazo Tipo de ítem Koha
        Colección de folletos Biblioteca del Ateneo de Madrid Biblioteca del Ateneo de Madrid Depósito folletos 17/01/2008   T-377-F-18 1174975 23/02/2023 23/02/2023 Folleto
        Colección de folletos Biblioteca del Ateneo de Madrid Biblioteca del Ateneo de Madrid Depósito folletos 17/01/2008   T-317-F-2 1174974 23/02/2023 23/02/2023 Folleto